| 000 | 00683nam a2200181 4500 | ||
|---|---|---|---|
| 008 | 150828b xxu||||| |||| 00| 0 eng d | ||
| 020 | _a0534628818 | ||
| 050 | _aKF 9619.3 .078 2005 | ||
| 100 |
_aOrthmann, Christine M. H. _d2005. |
||
| 245 |
_aConstitutional law and the criminal justice systyem : _bInstructors manual/ _cChristine M. H. Orthmann. |
||
| 250 | _a3rd ed. | ||
| 260 |
_aUSA; _bThomson Wadsworth, _c2005. |
||
| 300 |
_av, 200 p. : _c28 cm |
||
| 650 | _aConstitutional law | ||
| 650 |
_aJuvenile justice, Administration of United States _yOutlines, syllabi, etc. |
||
| 650 | _aCriminal justice system. | ||
| 942 |
_2lcc _cBOOKS _hKF 9619.3 .078 2005 |
||
| 999 |
_c3926 _d3926 |
||